Rezervy v účetnictví a daních
Rezervy slúžiace k obmedzeniu rizík a možných strát, na ktoré sa účtovná jednotka pripraví a vyčlení si určitú časť majetku na krytie budúcich výdavkov. Zákonné (daňové ) rezervy a ostatné (účtovné) rezervy a ich význam.
Salvato in:
| Autore principale: | |
|---|---|
| Natura: | Capitolo di libro |
| Lingua: | ceco |
| Soggetti: | |
| Tags: |
Nessun Tag, puoi essere il primo ad aggiungerne!!
|
MARC
| LEADER | 00000naa a2200000 4500 | ||
|---|---|---|---|
| 001 | 0166392 | ||
| 005 | 20230925093626.7 | ||
| 041 | 0 | |a cze | |
| 044 | |a CZ | ||
| 245 | 1 | 0 | |a Rezervy v účetnictví a daních |c Martin Děrgel |
| 520 | |a Rezervy slúžiace k obmedzeniu rizík a možných strát, na ktoré sa účtovná jednotka pripraví a vyčlení si určitú časť majetku na krytie budúcich výdavkov. Zákonné (daňové ) rezervy a ostatné (účtovné) rezervy a ich význam. | ||
| 610 | 2 | 0 | |a účtovníctvo |
| 610 | 2 | 0 | |a evidencia účtovná |
| 610 | 2 | 0 | |a jednotka účtovná |
| 610 | 2 | 0 | |a majetok |
| 610 | 2 | 0 | |a riziko |
| 610 | 2 | 0 | |a strata |
| 610 | 2 | 0 | |a záväzky |
| 610 | 2 | 0 | |a rezervy |
| 610 | 2 | 0 | |a skupiny účtové |
| 100 | 1 | |a Děrgel, Martin | |